00851nam a22002177b 450000500170000000800410001702000180005804000090007604100060008508200200009110000200011111000210013124501250015225000180027726000530029530000520034852101540040065000310055465500220058570000260060720230919120256.0230919b sa ||||| |||| 00| 0 eng d a9780778804208 c3228 2E a616.975bDDC 23 aAnca, Alexandra aRobert Rose Inc. aThe total Food allergy health and diet guidecEdited by Bob Hilderley, Sue Sumeraj; Illustrated by Kveta/threeinabox.com aFirst edition aToronto, Ontario, CanadabRobert Rose Inc.c2012 apages 1-5 unnumbered, 352 pages bIllustrations aReliable recommendations on managing the top 10 food allergies and intolerances, which include: Peanut, Tree nut, Fish, Milk allergy and Lactose etc. aFood Allergy, Diet therapy aAdult Non-Fiction aDr Sussman, Gordon L.